000 00826nam a2200229 a 4500
001 000042472
005 20201002040158.0
008 131204s1981 sp a r 000 0 spa d
020 _a847223326X
040 _aDO-SdBNP
_bspa
_cBNPHU
082 _axxxx
_bxxxx
100 1 _aMuñoz Puelles, Vicente,
_d1948-
_921642
245 1 0 _aAnacaona /
_cVicente Muñoz Puelles.
260 _aBarcelona :
_bTusquets,
_c1981.
300 _a205 p. :
_bil. ;
_c20 cm.
490 1 _aSonrisa vertical
_v26
586 _aPremio La Sonrisa Vertical, 1980
500 _aIlustraciones provenientes de la edición de 1851 del libro de Washington Irving, Vida y viajes de Cristóbal Colón.
500 _aIncluye datos biográficos del autor en la solapa de la cubierta
590 _aInventariado, 2019/BT
830 0 _aSonrisa vertical
_n26
_969652
999 _c41961
_d41961